Difúzne spájanie kombinovaných ľahkých kovov
Salvato in:
| Autore principale: | |
|---|---|
| Altri autori: | |
| Natura: | Tesi Libro |
| Lingua: | slovacco |
| Pubblicazione: |
2015
|
| Soggetti: | |
| Accesso online: | http://is.stuba.sk/zp/portal_zp.pl?podrobnosti=101485 |
| Tags: |
Nessun Tag, puoi essere il primo ad aggiungerne!!
|
MARC
| LEADER | 00000ntm a22000003a 4500 | ||
|---|---|---|---|
| 001 | stuzp35703 | ||
| 003 | SK-STU | ||
| 005 | 20160719152957.7 | ||
| 007 | ta | ||
| 008 | 150427s2015----xo-----f-mn---000-0-slo-d | ||
| 040 | |a STU |b slo | ||
| 041 | 0 | |a slo | |
| 100 | 1 | |a Jáňa, Miroslav, |d 1987- |u M3000 |4 aut |r Z3 |9 100 |U MTF Materiálovotechnologická fakulta |T MTF Ústav výrobných technológií |X 48694 |U M3000 |Y 83 |7 A000048694 | |
| 242 | 0 | 1 | |a Diffusion welding of combined light alloys |y eng |
| 245 | 1 | 0 | |a Difúzne spájanie kombinovaných ľahkých kovov |
| 260 | |c 2015 | ||
| 300 | |a 149 s., |e 1 CD-ROM, autoreferát | ||
| 500 | |a Názov študijného odboru: 5.2.7 strojárske technológie a materiály | ||
| 500 | |a Číslo študijného odboru: 2307 | ||
| 502 | |a Dizertačná práca (PhD.) - STU MTF v Trnave UVTE, 2015 | ||
| 650 | 4 | |a ľahké zliatiny |2 slo | |
| 650 | 4 | |a intermetalická fáza |2 slo | |
| 650 | 4 | |a difúzne zváranie |2 slo | |
| 650 | 4 | |a tepelné starnutie |2 slo | |
| 650 | 4 | |a štruktúrna stabilita |2 slo | |
| 650 | 4 | |a difúzne zváranie s tekutou medzivrstvou |2 slo | |
| 650 | 4 | |a diffusion welding |2 eng | |
| 650 | 4 | |a intermetallic compound |2 eng | |
| 650 | 4 | |a transient liquid phase welding |2 eng | |
| 650 | 4 | |a light alloys |2 eng | |
| 650 | 4 | |a heat ageing |2 eng | |
| 650 | 4 | |a structural stability |2 eng | |
| 700 | 1 | |a Marônek, Milan |4 ths |X 290 |7 A000000290 | |
| 856 | 4 | |u http://is.stuba.sk/zp/portal_zp.pl?podrobnosti=101485 | |
| 996 | |b . |c M* DzP-477 |l MMSKP |s P |a 0 |w stuzp35703_0001 | ||
| SQL | |a stuzp35703 |b DDZ |c SLO |d Difúzne spájanie kombinovaných ľahkých kovov |e 48694 |f Jáňa, Miroslav |g 063000 |h 290 |i Marônek, Milan |j 20150826 |k 200 |l 06 |m http://is.stuba.sk/zp/portal_zp.pl?podrobnosti=101485 |n D-STM |o 5.2.7. strojárske technológie a materiály | ||